[Event "Angers op 8th"]
[Site "Angers"]
[Date "2013.05.03"]
[Round "2"]
[White "Bihari, PK."]
[Black "Primault, Loic"]
[Result "1-0"]
[WhiteElo "1824"]
[BlackElo "1644"]
[PlyCount "77"]
[EventDate "2013.05.03"]
[EventType "swiss"]
[EventRounds "6"]
[EventCountry "FRA"]
[SourceTitle "CBM 154 Extra"]
[Source "ChessBase"]
[SourceDate "2013.06.25"]
[SourceVersion "2"]
[SourceVersionDate "2013.06.25"]
[SourceQuality "1"]

1. e4 d5 2. exd5 Nf6 3. Nc3 Nxd5 4. Bc4 Nf6 5. Nf3 e6 6. d4 Nc6 7. 0-0 Be7 8. Re1 0-0 9. Bg5 Na5 10. Bd3 Nc6 11. Ne2 Nb4 12. c3 Nxd3 13. Qxd3 Bd6 14. Rad1 h6 15. Bh4 g5 16. Bg3 Nh5 17. Be5 f6 18. Bxd6 cxd6 19. Qg6+ Ng7 20. Qxh6 Rf7 21. Ng3 Bd7 22. Qg6 Qa5 23. Ne4 Qf5 24. Qxf7+ Kxf7 25. Nxd6+ Kg6 26. Nxf5 Nxf5 27. Nd2 Re8 28. Ne4 b6 29. h3 Bc6 30. f3 Re7 31. Kf2 a6 32. b3 Rd7 33. g4 Ne7 34. c4 f5 35. Nc3 f4 36. Rxe6+ Kf7 37. d5 Bxd5 38. cxd5 Nxd5 39. Re5 1-0